[Event "Charlotte Spring Classic 2021"]
[Site "Charlotte"]
[Date "2021.03.27"]
[Round "1.1"]
[White "Fishbein, Alexander"]
[Black "Espinosa Silva, Pedro"]
[Result "0-1"]
[WhiteElo "2438"]
[BlackElo "1755"]
[Annotator "TA"]
[PlyCount "154"]
[EventDate "2021.03.22"]
[EventType "swiss"]
[EventCountry "USA"]
[SourceTitle "playchess.com"]
[Source "ChessBase"]
[SourceQuality "1"]

{[%evp 9,154,1,29,0,0,0,0,0,0,0,0,0,0,0,8,0,35,24,17,23,23,26,18,24,27,16,19,16,41,24,25,0,25,18,82,13,6,-3,0,-8,6,5,2,-14,0,-12,-10,-7,23,32,58,50,87,84,95,101,98,62,88,83,91,90,88,98,90,91,116,117,103,105,100,90,90,87,90,90,90,90,90,90,87,87,104,42,314,417,327,340,337,173,287,204,195,144,182,9,79,89,89,0,0,0,0,0,0,0,0,0,0,0,0,0,0,0,8,6,6,0,0,-120,-55,-55,-55,-58,-24,-131,-51,-1044,-959,-862,-686,-29976,-29978,-29978,-29978,-29977,-29979,-29979,-29981,-29981,-29982,-29982,-29983,-29983,-29983,-29998,-29999]} 1. e4 e6 2. d4 d5 3. exd5 exd5 4. Nf3 Nc6 5. h3 Bf5 6. Bb5 {C01: French: Exchange Variation.} Bd6 7. O-O Nge7 8. c4 {The position is equal.} dxc4 9. Bxc4 O-O 10. Nc3 a6 11. Re1 Qd7 12. Ne4 {[#]} Bb4 $146 ({Predecessor:} 12... Rae8 13. Bd2 Ng6 14. Nxd6 Rxe1+ 15. Qxe1 cxd6 16. Qe3 d5 17. Bb3 Re8 18. Qc3 Be4 {1-0 (38) Schirbel,A (2146)-Gretencord,U (2037) DESC email 2004}) 13. Bd2 Bxe4 14. Rxe4 Bxd2 15. Qxd2 Rad8 16. Rae1 Nd5 17. Rg4 Nce7 18. Ne5 Qf5 19. Rg3 (19. Qh6 $2 Qxg4 $3 {[%mdl 512]} 20. Qxh7+ Kxh7 $19) 19... c6 20. Bd3 Qf4 21. Qc2 Ng6 (21... g6 $11) 22. Rg4 (22. Bxg6 $16 hxg6 23. Rb3) 22... Qf6 $11 23. Qb3 Qe7 24. h4 (24. Bxg6 {keeps more tension.} hxg6 25. Nd3 Qc7 26. Rge4 Nf6 27. Re7) 24... Qb4 25. Qxb4 Nxb4 26. Bc4 Nd5 27. h5 Nxe5 28. dxe5 h6 29. e6 fxe6 30. Rxe6 Kh8 31. Bxd5 cxd5 $16 {[%mdl 4096] Endgame KRR-KRR} 32. Re7 Rg8 33. Kf1 (33. Rxb7 d4 $11) 33... b5 34. Ke2 d4 35. Kd3 Rd5 36. Ra7 Rxh5 37. Rxa6 Rh1 38. Rb6 (38. Rxd4 $2 Rd1+ 39. Kc3 Rc8+ 40. Kb4 Rxd4+ $19) 38... Rd1+ 39. Ke2 Ra1 40. a3 Re8+ 41. Kd2 Rf1 42. Rxb5 Rxf2+ 43. Kd3 Ree2 44. Rb8+ Kh7 45. Rb7 $1 {[%cal Rb7g7]} Rd2+ 46. Kc4 (46. Ke4 $1 $16 Kh8 47. b4 (47. Rbxg7 Rde2+ 48. Kd5 Rf8 $16) (47. Rgxg7 Rfe2+ 48. Kd5 Rxb2 $16)) 46... h5 $2 {[%mdl 8192]} (46... Rc2+ $14 47. Kd5 (47. Kxd4 Rfd2+ 48. Ke3 Re2+ 49. Kd4 Red2+ 50. Ke4 Re2+ 51. Kf5 Rf2+ 52. Ke6 Rce2+ 53. Kd6 Rd2+ 54. Kc6 Rc2+ 55. Kd6 Rcd2+ 56. Ke5 Rfe2+ 57. Re4 Rxb2 $11) 47... Kh8) 47. Rbxg7+ $18 (47. Rgxg7+ Kh6 $16) 47... Kh8 48. Rg8+ Kh7 49. R4g7+ Kh6 50. Rg6+ Kh7 51. R8g7+ Kh8 52. Ra7 $2 ({Better is} 52. b4 $18) 52... Rxb2 (52... Rc2+ $11 {keeps the balance.} 53. Kxd4 Rcd2+ 54. Ke5 Rde2+ 55. Kd5 Rd2+ 56. Ke6 Rde2+ 57. Kd6 Rd2+ 58. Ke5 Rde2+ 59. Kd6 Rd2+ 60. Ke5) 53. Rh6+ Kg8 54. Rd6 ({Much worse is} 54. Kxd4 Rbd2+ 55. Kc3 Rc2+ 56. Kb4 Rf4+ 57. Kb5 Rf5+ 58. Ka6 Rxg2 $11) (54. Rxh5 $16 Rbc2+ 55. Kxd4) 54... Rbc2+ $11 55. Kd3 {Rd8+ would kill now.} Rcd2+ 56. Ke4 Rde2+ 57. Kd3 Rd2+ 58. Kc4 Rc2+ 59. Kb5 Rf5+ 60. Kb4 Rxg2 61. a4 Rgg5 62. a5 {And now a6 would win.} Rd5 63. Rc6 {White wants to mate with Rc8+.} (63. Rdd7 {is interesting.} Rb5+ 64. Kc4 Rbc5+ 65. Kb3 Rb5+ 66. Ka4) 63... Rd8 {aiming for ...d3.} 64. Rc2 (64. Rcc7 $11) 64... d3 ({Black should play} 64... Rb8+ $17 65. Ka4 (65. Kc4 Rc8+ 66. Kb3 Rg3+ 67. Kb2 Rb8+ 68. Ka2 h4 $19) 65... Rg1) 65. Rd2 $15 h4 {Hoping for ...h3.} 66. Re7 h3 (66... Rd4+ {is more complex.} 67. Kc3 Ra4 68. Rd7 Ra3+ 69. Kd4 Rg3) 67. Re3 {[#]} (67. Re1 $1 $11) 67... Rh5 ({Black should try} 67... Rd4+ $1 $17 68. Kc3 {[%mdl 64] Double Attack} Rh4) 68. Rexd3 $2 {[%mdl 8192] [#]} (68. Re1 $15) 68... Rb8+ $1 $19 ({Not} 68... Rxd3 69. Rxd3 Rh4+ 70. Kb5 $11) 69. Kc4 h2 70. Rd8+ Rxd8 {Black mates.} 71. Rxd8+ {KR-KR} Kf7 72. Rd1 h1=Q 73. Rxh1 Rxh1 74. a6 Ke7 75. Kb5 Kd7 76. Kb6 Kc8 77. Ka7 Rh6 {What a bad dream for White.  Weighted Error Value: White=0.16/Black=0.19} 0-1

[Event "Charlotte Spring Classic 2021"]
[Site "Charlotte"]
[Date "2021.03.27"]
[Round "1.2"]
[White "Panda, Vedic"]
[Black "Molner, Mackenzie"]
[Result "1/2-1/2"]
[WhiteElo "2069"]
[BlackElo "2448"]
[Annotator "TA"]
[PlyCount "159"]
[EventDate "2021.03.22"]
[EventType "swiss"]
[EventCountry "USA"]
[SourceTitle "playchess.com"]
[Source "ChessBase"]
[SourceQuality "1"]

{[%evp 10,159,0,11,4,5,18,-16,-23,-10,-16,-10,-16,-23,-13,-29,-11,-52,-60,-49,-49,-117,-117,-127,-126,-140,-104,-112,-110,-114,-114,-106,-93,-95,-99,-104,-90,-141,-116,-124,-97,-104,-102,-107,-68,-62,-71,-110,-54,-89,-14,-69,-17,-62,-24,-14,-25,-17,-14,-187,-169,-176,-153,-207,-215,-238,-241,-236,-229,-233,-222,-448,-447,-441,-437,-439,-440,-436,-287,-234,-54,-54,-54,-54,-54,-54,-54,-54,-25,-28,-25,-58,-26,-61,-61,-61,-61,-61,-61,-62,-58,-58,-58,-58,-58,-58,-58,-58,-58,-58,0,-58,-58,-58,0,-58,-58,-58,-58,-58,-58,-58,-58,-58,-8,-13,-13,-13,-14,-14,-14,-14,-13,-13,-13,-13,0,-14,-8,-8,-8,-8,-8,-8,-8,-8,-8,-8,0,0,0,0]} 1. e4 c5 2. Nf3 d6 3. Bb5+ Bd7 4. a4 Nf6 5. d3 Nc6 6. O-O g6 {B52: Sicilian: Moscow Variation with 3...Bd7.} 7. Re1 Bg7 8. e5 Nxe5 9. Nxe5 dxe5 10. Rxe5 {[#]} Bxb5 $146 ({Predecessor:} 10... Rc8 11. Qf3 b6 12. Na3 O-O 13. h3 Bxb5 14. axb5 Ne8 15. Re2 Nd6 16. c3 Re8 {1-0 (45) El Kher,H (2355)-McShane,L (2544) Copenhagen 2002}) 11. axb5 Nd5 12. Re1 O-O 13. Nd2 Qd7 14. Ne4 b6 (14... Qxb5 $2 15. c4 $18) 15. Qf3 (15. Ra3 $15) 15... Nb4 $1 $17 {[%cal Rb4c2]} (15... Qxb5 $2 16. c4 $18) 16. Re2 Qxb5 17. Qh3 c4 {[%cal Rc4d3]} 18. d4 Qf5 ({And not} 18... Bxd4 19. c3 $16) 19. Qh4 Nd5 20. Ra3 Nf6 21. Rf3 Qd5 22. Nc3 Qd7 23. Bg5 (23. Bh6 $142) 23... Rad8 24. Rfe3 Qxd4 25. Rxe7 Qxh4 26. Bxh4 a6 27. Ra7 b5 {White must now prevent ...b4.} 28. g3 {[#]} ({But not} 28. Rxa6 $2 b4 $1 $19) 28... Rd6 (28... Ra8 $1 $17 {[%cal Ra8a7]} 29. Rb7 Rfb8 30. Rxb8+ Rxb8) 29. Kg2 $15 h6 (29... Nd5 $17 30. Nxd5 Rxd5) 30. f4 (30. g4 $1 $11) 30... Rc6 (30... Re8 $15 31. Rxe8+ Nxe8) 31. Bxf6 Bxf6 32. Nd5 Rd8 $36 {[%mdl 2048] Black is pushing.} 33. Nb4 {[%cal Rb4c6]} Re6 34. Kf3 (34. Rxe6 $11 fxe6 35. Rxa6) 34... Rxe2 $19 ({Much less strong is} 34... Bxb2 35. Rxe6 fxe6 36. Rxa6 $15) 35. Kxe2 Bxb2 36. Nxa6 {[%mdl 4096] Endgame KRB-KRN} (36. Nc6 $17 Bd4 37. Rxa6 Re8+ 38. Kf3 Re3+ 39. Kg4) 36... Bc3 37. Rb7 Rd6 38. Nc5 Rd2+ {[%mdl 64] Double Attack} 39. Kf3 b4 {[%cal Bb5b4,Bb4b3,Bb3b2][%mdl 32]} 40. Ne4 $2 (40. Rb8+ {keeps fighting.} Kg7 41. Rb7) 40... Rxc2 41. Nd6 b3 42. Nxc4 b2 43. Ke4 Bf6 44. Ne5 {[#]} Rxh2 (44... Be7 $1 $19 {[%mdl 512]} 45. Nd3 (45. h4 Ba3) 45... Bf6) 45. Ng4 $1 $15 {[%cal Rg4h2]} Re2+ 46. Kf3 Re6 47. Nxf6+ Rxf6 48. Rxb2 {KR-KR} Kg7 49. Rb5 Ra6 50. Rb3 Ra4 51. Rc3 h5 52. Rd3 Ra1 53. Rc3 Kh6 54. Rc7 f5 55. Rc8 Ra6 56. Re8 Kg7 57. Re7+ Kf6 58. Rb7 Ke6 59. Rb5 Kf6 60. Rb7 $1 Re6 61. Rd7 Re7 ({Black should try} 61... Rb6 $15) 62. Rd6+ (62. Rxe7 $1 $11 Kxe7 63. Ke2) 62... Kg7 63. Kg2 Re8 64. Rd7+ Kh6 65. Rf7 Ra8 66. Re7 h4 67. Kh3 {The position is equal.} hxg3 68. Kxg3 Ra3+ 69. Kf2 Kh5 {...Kg4 is the strong threat.} 70. Rg7 Rb3 71. Rg8 Rb2+ 72. Kf3 {[%cal Rg8h8]} Rb3+ 73. Kf2 Kg4 74. Rxg6+ Kxf4 75. Ra6 Rb2+ 76. Kf1 Kg4 77. Ra3 f4 78. Rc3 f3 79. Rc8 Kg3 {( -> ...Rb1+)} 80. Rg8+ {Whites escaped into a draw.  Weighted Error Value: White=0.19/Black=0.21} 1/2-1/2

[Event "Charlotte Spring Classic 2021"]
[Site "Charlotte"]
[Date "2021.03.27"]
[Round "1.3"]
[White "Prasanna Raghuram Rao"]
[Black "Amburgy, Ryan"]
[Result "1-0"]
[WhiteElo "2437"]
[BlackElo "2019"]
[Annotator "TA"]
[PlyCount "75"]
[EventDate "2021.03.22"]
[EventType "swiss"]
[EventCountry "USA"]
[SourceTitle "playchess.com"]
[Source "ChessBase"]
[SourceQuality "1"]

{[%evp 9,75,0,16,10,3,0,0,0,10,0,29,0,0,6,4,-7,4,14,21,27,28,12,57,8,0,18,2,13,20,3,4,13,41,21,12,19,14,9,21,22,136,133,346,340,335,335,314,304,359,363,611,621,586,593,2679,1960,29994,29995,29995,29996,29996,29997,29997,29998,29998,29996,29996,29997]} 1. d4 Nf6 2. c4 e6 3. g3 d5 4. Bg2 Bb4+ 5. Bd2 Bd6 6. Nc3 {[%cal Rc4d5] E01: Catalan: Early deviations.} O-O 7. cxd5 exd5 8. Nxd5 {The position is equal.} Nxd5 9. Bxd5 Be7 10. Qb3 c6 11. Bc4 Qxd4 12. Nf3 Qb6 13. Qc2 {[#]} Bf6 $146 ({Predecessor:} 13... Bh3 14. Rg1 Be6 15. Bxe6 fxe6 16. O-O-O Na6 17. Bc3 Nb4 18. Bxb4 Qxb4 19. Rd3 Rf5 {1-0 (46) Yuffa,D (2583)-Alonso Rosell,A (2554) Linares 2020}) 14. Ng5 Bxg5 15. Bxg5 Be6 16. Bd3 h6 17. Be3 Qa5+ 18. Bd2 Qd5 {[%cal Rd5h1]} 19. e4 Qd6 20. Bc3 Bg4 21. O-O (21. e5 {seems wilder.} Qc7 22. O-O Nd7 23. f4 Rad8 24. Rf2) 21... Rd8 22. Be2 Bxe2 23. Qxe2 Qe6 24. f4 f5 (24... Nd7 $11 {remains equal.}) 25. Rae1 $16 {aiming for exf5.} Re8 $2 {[#] Loses the game.} (25... Na6 $16) 26. g4 $1 $18 fxe4 27. f5 Qf7 {intending ...Nd7.} 28. f6 g6 29. Qe3 Kh7 {[#]} (29... g5 30. h4 Nd7 31. hxg5 Nf8 32. gxh6 Rad8 33. Qxa7 Rd3) 30. Rf3 $3 {[%mdl 512]} Nd7 {[#]} (30... Qf8 31. f7) 31. Rh3 h5 32. Qg5 {[%cal Rg4h5]} Qf8 {[#]} 33. Rxh5+ $1 {[%mdl 576] Deflection. White mates.} gxh5 34. Qf5+ {[%mdl 64] Double Attack} Kg8 35. Qg6+ Kh8 36. Qxh5+ Kg8 37. Qg6+ Kh8 38. Re3 {Weighted Error Value: White=0.05/Black=0.49} 1-0

[Event "Charlotte Spring Classic 2021"]
[Site "Charlotte"]
[Date "2021.03.27"]
[Round "1.4"]
[White "Colorado Morales, Francisco"]
[Black "Ippolito, Dean"]
[Result "0-1"]
[WhiteElo "2003"]
[BlackElo "2369"]
[Annotator "TA"]
[PlyCount "56"]
[EventDate "2021.03.22"]
[EventType "swiss"]
[EventCountry "USA"]
[SourceTitle "playchess.com"]
[Source "ChessBase"]
[SourceQuality "1"]

{[%evp 13,56,0,0,-5,0,0,0,0,3,3,3,0,0,0,16,0,0,-52,-47,-47,-47,-62,-62,-62,-62,-62,-62,-62,-25,-62,-62,-69,-69,-75,-83,-107,-113,-112,-112,-116,-104,-104,-108,-120,-105]} 1. Nf3 Nf6 2. c4 g6 3. b4 Bg7 4. Bb2 O-O 5. g3 c6 6. Bg2 d5 7. cxd5 {7.Na3 is not played anymore.} cxd5 8. O-O {A15: English Opening: 1...Nf6.} a5 9. b5 Nbd7 10. d3 {The position is equal.} a4 11. Na3 {[#]} Re8 $146 ({Predecessor:} 11... Nb6 12. Rc1 Bd7 13. Qd2 Ne8 14. Bxg7 Kxg7 15. Ne5 Nd6 16. Qb2 f6 17. Nxd7 Qxd7 {0-1 (38) Abhirami,M (1610)-Tejaswini,S (2093) Kankarbagh 2017}) 12. Qc2 e5 13. e4 d4 14. Nc4 Bf8 15. Ba3 ({White should try} 15. b6 $11) 15... Bxa3 $15 16. Nxa3 Nb6 17. Rfc1 Bg4 18. h3 {[#]} Rc8 $1 19. Qb2 (19. Qd2 Bxf3) 19... Bxf3 20. Bxf3 Qd6 21. Kg2 h5 22. Rab1 Nfd7 23. Be2 Nf8 {Black is better.} 24. Bd1 Ne6 25. Be2 Red8 26. Kh2 Kg7 27. h4 Qe7 28. Kg2 Rh8 {Weighted Error Value: White=0.09/Black=0.03} 0-1

[Event "Charlotte Spring Classic 2021"]
[Site "Charlotte"]
[Date "2021.03.26"]
[Round "1.5"]
[White "Lalor, Justin"]
[Black "Wang, Ellen"]
[Result "*"]
[WhiteElo "1891"]
[BlackElo "1960"]
[Annotator "TA"]
[PlyCount "34"]
[EventDate "2021.03.22"]
[EventType "swiss"]
[EventCountry "USA"]
[SourceTitle "playchess.com"]
[Source "ChessBase"]
[SourceQuality "1"]

{[%evp 14,21,30,35,26,29,36,25,34,36]} 1. d4 d5 2. c4 dxc4 3. Nf3 Nf6 4. e3 Bg4 5. Bxc4 e6 6. h3 Bh5 7. Nc3 Nbd7 8. O-O Bb4 {D25: Queen's Gambit Accepted: 4 e3: sidelines and 4...Bg4.} 9. Be2 O-O 10. Bd2 c5 11. Rc1 {[#] White took control after the opening.  Weighted Error Value: White=0.03/Black=0.03} {Predecessor:} cxd4 $146 12. Nxd4 Bxe2 13. Qxe2 a6 14. Rfd1 Qe7 15. a3 Bd6 16. b4 Rac8 17. e4 h6 {½-½ (38) Galunova,T (2160)-Arnetta,M (2124) Achaea 2016} *

[Event "Charlotte Spring Classic 2021"]
[Site "Charlotte"]
[Date "2021.03.27"]
[Round "1.6"]
[White "Panuganti, Kireet"]
[Black "Liang, Jason"]
[Result "0-1"]
[WhiteElo "1962"]
[BlackElo "2342"]
[Annotator "TA"]
[PlyCount "66"]
[EventDate "2021.03.22"]
[EventType "swiss"]
[EventCountry "USA"]
[SourceTitle "playchess.com"]
[Source "ChessBase"]
[SourceQuality "1"]

{[%evp 17,66,18,22,0,0,-15,-4,0,7,-43,-63,-47,-46,-71,-68,-68,-66,-66,-66,-66,-66,-91,-40,-42,-36,-43,-42,-45,-31,-40,-21,-41,-47,-67,-66,-116,-94,-131,-154,-225,-204,-291,-275,-571,-138,-145,-167,-840,-833,-29994,-29995]} 1. e4 c6 2. d4 d5 3. exd5 cxd5 4. Bd3 Nc6 5. c3 Nf6 6. Bf4 Bg4 7. Qb3 Qd7 8. Nd2 e6 9. Ngf3 Bd6 10. Ne5 {B13: Caro-Kann: Exchange Variation and Panov-Botvinnik Attack.} Qc7 {[%cal Rc6e5]} 11. h3 Nxe5 {[#]} 12. Bxe5 $146 {The position is equal.} ({Predecessor:} 12. dxe5 Bxe5 13. Bxe5 Qxe5+ 14. Kf1 Bf5 15. Bxf5 Qxf5 16. Qxb7 O-O 17. Kg1 Rfb8 18. Qc6 {0-1 (26) Lyell,M (2265)-Sengupta,D (2564) Hastings 2019}) 12... Bxe5 13. Bb5+ Kf8 14. hxg4 Bf4 15. f3 g6 16. O-O-O Kg7 17. Kb1 h5 18. gxh5 Nxh5 19. g4 Nf6 ({Black should play} 19... Ng3 $17 20. Rxh8 Rxh8) 20. Qc2 $15 a6 21. Bd3 Nd7 22. Nb3 b5 23. Qg2 Bg5 24. Rdf1 Qf4 25. Nc1 Nb6 26. Ka1 b4 27. cxb4 Qxd4 28. Bb1 {[#]} (28. Rxh8 $17 Rxh8 29. Bxa6) 28... Nc4 $1 $19 ({Don't take} 28... Qxb4 29. Nd3 $17) 29. Rd1 (29. Nd3 $142) 29... Qf6 {...Ne3 is the strong threat.} 30. Qe2 $2 (30. Rdg1 {was worth a try.}) 30... Rab8 $2 $40 {[%mdl 128] Black is out for blood.} (30... Rxh1 $19 {and Black stays clearly on top.} 31. Rxh1 Rh8) 31. Nd3 $17 Be3 32. Nc1 $2 {[#]} (32. Bc2) 32... Rxb4 $19 33. Rxh8 Rxb2 {[%csl Gc4,Ge3][%cal Rb2d2] Weighted Error Value: White=0.96/Black=0.34} 0-1

[Event "Charlotte Spring Classic 2021"]
[Site "Charlotte"]
[Date "2021.03.27"]
[Round "1.7"]
[White "Vigorito, David"]
[Black "Povinelli, Braydon"]
[Result "1-0"]
[WhiteElo "2339"]
[BlackElo "1594"]
[Annotator "TA"]
[PlyCount "57"]
[EventDate "2021.03.22"]
[EventType "swiss"]
[EventCountry "USA"]
[SourceTitle "playchess.com"]
[Source "ChessBase"]
[SourceQuality "1"]

{[%evp 10,57,22,1,22,27,60,58,55,56,58,55,53,52,60,55,53,58,62,58,50,6,37,13,70,45,49,50,65,64,75,64,60,59,101,68,201,178,201,202,229,170,272,243,295,295,273,216,337,284]} 1. d4 d5 2. c4 c6 3. Nc3 Nf6 4. e3 a6 5. Nf3 Bf5 6. Qb3 Ra7 {D15: Slav Defence: 4 Nc3 a6 and gambit lines after 4 Nc3 dxc4.} 7. Nh4 Bg6 8. Nxg6 hxg6 {White is slightly better.} 9. g3 e6 10. Bg2 Be7 11. O-O O-O {[#]} 12. Rd1 $146 ({Predecessor:} 12. e4 dxe4 13. Rd1 Nbd7 14. Nxe4 Nxe4 15. Bxe4 Qc7 16. Be3 b6 17. Bf4 Bd6 18. Bxd6 Qxd6 {½-½ (26) Jankovic,A (2525)-Erdos,V (2528) Brno 2006}) 12... b5 13. c5 a5 14. a3 Nbd7 15. e4 dxe4 16. Nxe4 Nd5 (16... a4 $11 17. Qd3 Nxe4 18. Bxe4 (18. Qxe4 Nxc5 {[%mdl 64] Pin} 19. Qxc6 Nb3 $17) 18... Qa8) 17. h4 N7f6 18. Ng5 Nh7 {[%cal Rh7g5]} 19. Nf3 Bf6 20. Bd2 Rd7 21. Qc2 Qc7 22. Qe4 Rfd8 {Loses the game.} (22... Qd8 $14) 23. g4 $18 Rc8 24. g5 Be7 25. Qg4 Bf8 (25... Nf8 {might work better.} 26. Ne5 Rdd8) 26. Rac1 Re8 27. Ne5 Rdd8 28. Be4 Ne7 (28... f5 $142 29. gxf6 Nhxf6 30. Qxg6 Nxe4) 29. h5 {Weighted Error Value: White=0.13/Black=0.28} 1-0

[Event "Charlotte Spring Classic 2021"]
[Site "Charlotte"]
[Date "2021.03.27"]
[Round "1.8"]
[White "Johnson, Donald"]
[Black "Wang, Tianqi"]
[Result "1/2-1/2"]
[WhiteElo "1881"]
[BlackElo "2305"]
[Annotator "TA"]
[PlyCount "124"]
[EventDate "2021.03.22"]
[EventType "swiss"]
[EventCountry "USA"]
[SourceTitle "playchess.com"]
[Source "ChessBase"]
[SourceQuality "1"]

{[%evp 24,124,52,33,39,29,37,26,27,38,32,25,18,14,14,15,16,15,25,0,0,0,0,0,0,0,0,-33,-33,-33,-55,-53,-33,-33,-33,-39,-17,-17,-11,-22,-8,-8,-8,-8,-8,-11,-8,-11,-11,-35,-35,-35,-35,-101,-54,-46,-4,-4,-4,-4,-4,-11,-11,-11,-11,-11,-11,-11,-11,-11,0,0,0,0,0,0,-3,-3,-3,-3,0,0,0,0,0,0,0,0,0,0,0,0,0,0,0,0,0,0,0,0,0,0,0]} 1. e4 c5 2. Nf3 Nc6 3. d4 cxd4 4. Nxd4 g6 5. c4 Nf6 6. Nc3 d6 7. f3 Nxd4 8. Qxd4 Bg7 9. Be3 O-O 10. Qd2 Be6 11. Rc1 Qa5 12. Be2 Rfc8 13. b3 Rab8 {B36: Sicilian: Maroczy Bind: Gurgenidze System.} 14. Nd5 Qxd2+ 15. Kxd2 Nxd5 {White has an edge.} 16. cxd5 Bd7 17. Rxc8+ (17. Bxa7 {keeps more tension.} Rxc1 18. Rxc1 Ra8 19. Rc7 Rxa7 20. Rxd7 Rxa2+ 21. Ke3) 17... Rxc8 18. Rc1 ({Much worse is} 18. Bxa7 Ra8 $17) 18... Rxc1 19. Kxc1 $11 {[%mdl 4096] Endgame KBB-KBB} a6 {[#]} 20. Kc2 $146 ({Predecessor:} 20. a4 Kf8 21. Bb6 Ke8 22. Kc2 Bc8 23. b4 Kd7 24. Kb3 {½-½ (49) Luce,E (1989)-Johnston,D (1905) Colonie 2015}) 20... f5 21. Bd2 fxe4 22. fxe4 Be5 23. g3 Kf7 24. Bc3 Kf6 25. Bf3 Bxc3 26. Kxc3 $15 {KB-KB} Ke5 27. Kd3 e6 28. dxe6 $1 Bxe6 29. Ke3 a5 30. Be2 Bd7 31. a3 Bc6 32. Bd3 b6 33. Bc2 g5 34. Bd3 h6 35. Bc2 Be8 36. Bd1 Bg6 37. Bf3 Bh7 38. Bg2 (38. b4 $15) 38... Bg8 39. b4 axb4 40. axb4 {The position is equal.} Bh7 41. Bf3 Bg6 42. Bg2 Bf7 43. Bf3 Ba2 44. Bg2 Bb1 45. Bf3 Bc2 46. Bg2 g4 47. Bh1 $1 Ba4 48. Bg2 Bc6 49. Kd3 Bb5+ 50. Ke3 Bc4 51. h3 h5 52. hxg4 hxg4 53. Bh1 $1 Bf1 54. Kf2 $1 {[%cal Rf2f1]} Bd3 55. Ke3 Bc4 56. Bg2 b5 (56... Ba6 {seems wilder.} 57. Bh1 Bb5 58. Bg2 Bc6 59. Bh1 Ba4) 57. Bh1 $1 d5 (57... Bf1 {is more complex.} 58. Kf2 Bh3 59. Ke3 Kf6 60. Kd3 Ke6) 58. exd5 Bxd5 59. Bxd5 Kxd5 60. Kd3 Ke5 61. Ke3 Kd5 $1 {[%cal Rd5c4] [#] ( -> ...Kc4)} 62. Kd3 Ke5 {Weighted Error Value: White=0.04/Black=0.04} 1/2-1/2

[Event "Charlotte Spring Classic 2021"]
[Site "Charlotte"]
[Date "2021.03.27"]
[Round "1.9"]
[White "Chasin, Nico"]
[Black "Ladan, Nicholas"]
[Result "0-1"]
[WhiteElo "2293"]
[BlackElo "1871"]
[Annotator "TA"]
[PlyCount "86"]
[EventDate "2021.03.22"]
[EventType "swiss"]
[EventCountry "USA"]
[SourceTitle "playchess.com"]
[Source "ChessBase"]
[SourceQuality "1"]

{[%evp 14,86,25,29,35,23,32,25,43,15,18,11,14,8,17,8,18,8,12,9,20,-14,-19,-10,0,0,24,-3,0,-22,-26,-17,54,-26,-64,-264,-261,-271,-279,-355,-349,-282,-233,-223,-208,-213,-214,-237,-238,-325,-323,-328,-306,-579,-573,-671,-655,-863,-862,-1571,-829,-826,-814,-1045,-922,-797,0,-381,-334,-588,-593,-562,-424,-415,-420]} 1. d4 d5 2. c4 c6 3. Nf3 Nf6 4. Nc3 e6 5. Bg5 Nbd7 6. e3 Qa5 7. cxd5 exd5 8. Nd2 Be7 {D52: Queen's Gambit Declined: Cambridge Springs Variation.} 9. Bd3 O-O 10. O-O Re8 {White has an edge.} 11. a3 Nf8 12. b4 Qd8 13. Qc2 a6 14. h3 {[#]} g6 $146 ({Predecessor:} 14... Ng6 15. Rfb1 Bd7 16. a4 Qc8 17. Nf1 Bd6 18. Bxf6 gxf6 19. Ne2 Nh4 20. Neg3 Bxh3 21. gxh3 Qxh3 {1-0 (35) Rubene,I (2130)-Vidalinc,J Chartres 1990}) 15. Bh4 Ne6 16. Rfe1 Ng7 17. f3 a5 18. bxa5 Rxa5 19. a4 Nfh5 20. Bf2 Bd6 21. g4 Nf6 22. e4 Bf4 (22... dxe4 $1 $11 23. fxe4 Nxg4 24. hxg4 Qg5) 23. Nb3 (23. e5 $14) 23... dxe4 $11 24. fxe4 {Black continues to play with concentration.} (24. Nxe4 $15 Nxe4 25. Bxe4) 24... Rg5 $1 $19 25. Bh4 {[#]} Nxg4 {White must now prevent ...Ne3+.} 26. Kh1 {[#]} Nh5 $1 27. hxg4 {[#]} Bg3 $1 28. Bxg5 ({Wrong is} 28. gxh5 $2 Rxh5 29. Qh2 Rxh4 $19) 28... Qxg5 29. gxh5 {Threatens to win with Rf1.} Qh4+ 30. Kg1 Bxe1 31. Bf1 Qg3+ 32. Bg2 Qe3+ ({Weaker is} 32... Qxc3 33. Qxc3 Bxc3 34. Rc1 $17) (32... gxh5 $2 33. Rc1 $17) 33. Kf1 $2 (33. Kh1 {was the only defense.} Bxc3 34. Rf1) 33... Bxc3 34. Rd1 Bg4 35. Rc1 Bb4 36. Rb1 Bf3 37. e5 Bg4 {aiming for ...Bf5!} 38. Qc4 Qf4+ 39. Kg1 {[#]} Qe3+ $2 ({Black should play} 39... Rxe5 $1 $19 {[%mdl 512] ( -> ...Qe3+)} 40. Qc1 Re1+ 41. Qxe1 Bxe1 42. Rxe1 Bxh5) 40. Kh1 $2 {[%mdl 8192]} (40. Kf1 $1 $11 gxh5 41. Na1) 40... Be7 41. d5 $2 (41. Nc5) 41... Bf3 {And now ...Bxg2+ would win.} 42. Rf1 Bxg2+ 43. Kxg2 Qg5+ {[%mdl 64] Double Attack.  Weighted Error Value: White=0.77/Black=0.37} 0-1